Química 3: (Registro nro. 10490)

Detalles MARC
000 -LIDER
fixed length control field 01415nam a2200361 a 4500
001 - NÚMERO DE CONTROL
Identificador de número de control 0000415
003 - IDENTIFICACDOR DE NÚMERO DE CONTROL
control field DO-SdBNP
005 - DATE AND TIME OF LATEST TRANSACTION
control field 20160622105610.0
007 - CAMPOS FIJOS DE DESCRIPCIÓN FÍSICA
fixed length control field 0000415
008 - ELEMENTOS DE LONGITUD FIJA
fixed length control field 091125s2013 dr a 000 0 spa d
020 ## - ISBN
International Standard Book Number 9789956174892
040 ## - FUENTE DE CATALOGACIÓN
Agencia que crea de manera original el registro BPMSU
Idioma de catalogación spa
Agencia que realiza la transcripción BPMSU
092 ## - LOCALLY ASSIGNED DEWEY DECIMAL CALL NUMBER
Número de clasificación 373.54
Número de ítem (Cutter) Q6e, 3ro. 2013
245 00 - MENCIÓN DE TITULO
Título Química 3:
Subtítulo educación media /
Mención de responsabilidad colaboración Horacio Arredondo ... [et al.] ; gerencia editorial Anna Rogero Soler ; ilustración Rafael Almanzar
260 ## - PUBLICACIÓN, DISTRIBUCIÓN, ETC. (PIE DE IMPRENTA)
Lugar de publicación, distribución, etc Santo Domingo :
Nombre del editor, distribuidor, etc. SM,
Fecha de publicación, distribución, etc 2013.
300 ## - DESCRIPCIÓN FÍSICA
Extensión 167 p. :
Otros detalles físicos il. ;
Dimensiones 29 cm.
Material complementario + CD ROOM
490 1# - MENCIÓN DE SERIES
Mención de serie Proyecto Sé
504 ## - NOTA DE BIBLIOGRAFÍA, ETC.
Bibliography, etc Bibliografía p: 167
505 0# - NOTA DE CONTENIDO
Título Hidrógeno y oxígeno. Agua y aire --
-- Sistemas materiales y cálculos químicos --
-- Energía y velocidad de las reacciones químicas --
-- Bloques s y p de la tabla periódica --
-- Bloque d y f de la tabla periódica --
650 #4 - ENCABEZAMIENTO DE MATERIA--TEMÁTICO
Término temático o nombre geográfico como elemento de entrada QUÍMICA
Subdivisión temática general ENSEÑANZA SECUNDARIA
650 #4 - ENCABEZAMIENTO DE MATERIA--TEMÁTICO
Término temático o nombre geográfico como elemento de entrada QUÍMICA
Subdivisión temática general EDUCACIÓN SECUNDARIA
650 #4 - ENCABEZAMIENTO DE MATERIA--TEMÁTICO
Término temático o nombre geográfico como elemento de entrada EDUCACIÓN SECUNDARIA
Subdivisión geográfica REPÚBLICA DOMINICANA
650 #4 - ENCABEZAMIENTO DE MATERIA--TEMÁTICO
Término temático o nombre geográfico como elemento de entrada QUÍMICA
Subdivisión temática general LIBROS DE TEXTOS
650 #4 - ENCABEZAMIENTO DE MATERIA--TEMÁTICO
Término temático o nombre geográfico como elemento de entrada QUÍMICA
Subdivisión temática general ESTUDIOS Y EJERCICIOS
700 12 - ASIENTO SECUNDARIO -- NOMBRE PERSONAL
Nombre personal Puente, Julio
Mención de responsabilidad colab.
700 12 - ASIENTO SECUNDARIO -- NOMBRE PERSONAL
Nombre personal Rogero Soler, Anna
Mención de responsabilidad ed.
700 12 - ASIENTO SECUNDARIO -- NOMBRE PERSONAL
Nombre personal Almanzar, Rafael.
Mención de responsabilidad il.
700 1# - ASIENTO SECUNDARIO -- NOMBRE PERSONAL
Nombre personal Rogero Soler, Anna
Mención de responsabilidad ed.
830 #0 - ASIENTO SECUNDARIO DE SERIE--TÍTULO UNIFORME
Título uniforme Proyecto Sé
910 ## - VALIDACIÓN
Validación Validado. Control de calidad MFF
942 ## - ADDED ENTRY ELEMENTS (KOHA)
Source of classification or shelving scheme Dewey Decimal Classification
Koha item type Libros
956 ## - LOCAL ELECTRONIC LOCATION AND ACCESS (OCLC)
Nombre de host Yngrid Lockward
Número de acceso 10
Existencias
Withdrawn status Lost status Source of classification or shelving scheme Damaged status Not for loan Collection code Home library Current library Date acquired Source of acquisition Total Checkouts Full call number Barcode Date last seen Price effective from Koha item type
    Dewey Decimal Classification       Biblioteca Pública Metropolitana Salomé Ureña Biblioteca Pública Metropolitana Salomé Ureña 06/22/2016 Donación   373.54 Q6e 3ro. 2013 BPMSU16060328 06/22/2016 06/22/2016 Libros